000 00184 a2200097 4500
020 _a9780545052641
041 _aeng
100 _aPierce, Tamora
245 _aMelting stones
942 _cBK
999 _c8886
_d8886